Statistiques concernant paroles de la terre est ronde - Orelsan

Cliquez ici pour prendre le quiz!

Statistiques générales

  • Ce quiz a été pris 240 fois
  • Le résultat moyen est 305 sur 403

Statistiques - réponses

Paroles% Correct
à
99%
A
99%
Au
99%
au
99%
est
99%
te
99%
Terre
99%
la
98%
Mais
98%
mais
98%
pour
98%
Pour
98%
ronde
98%
ronde,
98%
une
98%
bonne
97%
Ce
97%
du
97%
Et
97%
et
97%
fond,
97%
fond
97%
j'crois
97%
maison
97%
mon
97%
raison ...
97%
raison...
97%
seul
97%
tout
97%
Tout
97%
avoir
96%
c'est
96%
être
96%
fait
96%
monde
96%
Monde
96%
seule
96%
Après
95%
après
95%
de
95%
veut,
95%
veut
95%
Le
94%
le
94%
l'Tour
93%
que
93%
qu'la
92%
je
91%
c'qu'on
89%
On
84%
ta
82%
Tu
81%
tu
81%
vie,
77%
En
75%
en
75%
voiture
75%
aller
74%
d'acheter
74%
qui
73%
travailler
73%
viens
73%
rembourser
72%
ça
70%
travailles
70%
j'crois
69%
cercle
68%
vois
68%
besoin
67%
faire
67%
genre
67%
pas
67%
veux
67%
vicieux ?
67%
vieux
67%
d'une
66%
mourir
66%
donne
65%
j'ai
65%
J'ai
65%
des
64%
envie
64%
T'as
64%
sauf
63%
sur
63%
trucs
63%
ici
62%
même !
62%
quand
62%
autant
61%
c'que
61%
fais
60%
Fais
60%
l'attendre
60%
toute
60%
va
60%
profiter
59%
bonheur,
58%
arrêt
57%
dans
57%
gens
57%
flemme
56%
maladie
56%
semaine
56%
d'tout
55%
peux
55%
poursuite
55%
temps
55%
temps,
55%
feu
53%
finir
53%
J'veux
53%
avant
52%
Les
52%
les
52%
l'genre
52%
qu'j'aime
52%
qu'le
52%
si
52%
J'suis
51%
l'infini
51%
m'emmène
51%
centaines
50%
courir
50%
mes
49%
m'prenne
49%
surtout
49%
d'l'argent
48%
j'ferais
48%
plus
48%
peut
47%
vivre
47%
parents
46%
soir,
46%
soir
46%
d'l'instant
45%
juste
45%
maintenant
45%
prendre
45%
tard ?
44%
pyjama
43%
qu'il
43%
quoi
43%
bien
42%
Pourquoi
42%
caleçon
41%
lumière
41%
sert
41%
avance
40%
patron
39%
pouvoir
39%
lendemain
38%
mêmes
38%
m'sert
38%
rien
37%
conseils
36%
d'suite
36%
j'me
36%
m'filera
36%
Y'a
36%
lieu
35%
remettre
35%
t'oublies
35%
d'vivre?
34%
j'vais
34%
parle
34%
sens
34%
verra
34%
donnent
33%
dont
33%
l'bip
33%
perds
33%
plait:
33%
rappeurs
33%
s'épanouit
33%
s'il
33%
vraiment
33%
attendant
32%
d'lécher
32%
l'équipe
32%
Aujourd'hui
31%
chemin
31%
feignant,
31%
gâcher,
30%
l'équilibre
30%
merci
28%
d'appeler,
27%
trouver
27%
l'avenir
26%
préparer
25%
j'voudrais
23%
J'essaye
22%
cainris
20%
j'rameuterais
20%

Distribution des résultats

Percentile par nombre de réponses

% des personnes avec chaque résultat

Votre développement - résultats

Vous n’avez pas pris ce quiz